00543nam a2200157Ia 4500008004100000020001800041082001600059100002100075245002200096260007600118300002000194490001400214942004700228952009500275999001500370250529s9999 xx 000 0 und d a9789991569420 a891.4891NIY aIzza Ahmed Niyaz 0aIzzathuge lhentha aMale'bDhivehi Bahaai Thaareekhah Khidhumaiykuraa Qaumee Marukazuc2020 a107 p. ; 21 cm. vMalas 103 h891.4891iNIYcAD6891_489100000000000_NIY 93745aKFPLbKFPLcDHId2025-05-29l0o891.4891NIYpKL-2024-001132r2025-05-29 12:12:45yAD c3439d3439